000 00624nam a22002057a 4500
999 _c167631
_d167631
005 20190914155038.0
010 _aB-218717
020 _c0.00
_a8189093916
035 _aB-218710 B-218720, B-218712, B-218717
037 _bBPPD/PUB
082 _a485
_bTHO
100 _aThomas, M
245 _aCommon error in English/
_cby M. Thomas
260 _aNew Delhi
_bLotus press
_c2007
270 _a4263/3, Ansari road, Daryaganj
_bNew delhi
_e110002
300 _a251 p
_c23 cm (Pbk)
_bill.
650 _aENGLISH
942 _adpl
_cEN
_k485 THO
_2ddc
_h485
_mTHO